Regions Bordering the United States Map Quiz - Statistics

General Stats
  • This quiz has been taken 466 times
  • The average score is 12 of 14
Answers on the Map
Answers color-coded by a green-red scale on the quiz's map according to % correct below.
 
Answer Stats
Answer % Correct
British Columbia
95%
Quebec
95%
Ontario
94%
Baja California
93%
New Brunswick
93%
Yukon
93%
Alberta
91%
Manitoba
89%
Saskatchewan
87%
Chihuahua
83%
Sonora
69%
Nuevo León
68%
Coahuila
57%
Tamaulipas
52%
No matching quizzes found
Score Distribution
Percent of People with Each Score
Percentile by Number Answered
Your Score History
You have not taken this quiz